Statystyki dla Państwa z lodowcami

Kliknij tutaj aby rozwiązać quiz!

Ogólne statystyki

  • Ten quiz został rozwiązany 4 375 razy
  • Średni wynik to 31 z 47

Statystyki odpowiedzi

KontynentKraj% Poprawnych
Azja/EuropaRosja
96%
EuropaNorwegia
94%
EuropaSzwecja
93%
Ameryka Płn.Kanada
91%
Ameryka Płn.Stany Zjednoczone
91%
AzjaChiny
88%
Ameryka Płd.Chile
87%
Ameryka Płd.Argentyna
86%
EuropaFrancja
84%
Ameryka Płn.Meksyk
84%
OceaniaNowa Zelandia
81%
EuropaIslandia
80%
EuropaWłochy
79%
Ameryka Płd.Peru
78%
EuropaNiemcy
77%
EuropaHiszpania
76%
AzjaIndie
76%
AzjaJaponia
75%
Ameryka Płd.Kolumbia
75%
Ameryka Płd.Boliwia
73%
EuropaSzwajcaria
73%
EuropaAustria
71%
Ameryka Płd.Wenezuela
71%
Ameryka Płd.Ekwador
70%
AzjaKazachstan
67%
AzjaNepal
67%
AzjaMongolia
65%
AzjaPakistan
63%
AzjaTurcja
58%
AzjaAfganistan
57%
AzjaBhutan
56%
AzjaIran
55%
AzjaTadżykistan
54%
AzjaArmenia
53%
AzjaAzerbejdżan
53%
AzjaKirgistan
53%
EuropaSłowenia
52%
AzjaGruzja
51%
AzjaIndonezja
50%
AfrykaKenia
50%
EuropaRumunia
49%
AfrykaTanzania
48%
EuropaAlbania
47%
EuropaBułgaria
41%
AfrykaUganda
37%
AzjaMjanma
36%
EuropaCzarnogóra
28%

Rozkład punktacji

Percentyl według liczby udzielonych odpowiedzi

Procent ludzi z każdym wynikiem

Twoja historia wyników

Nie rozwiązałeś tego quizu